[Event "Olympiad Women-44"]
[Site "Chennai"]
[Date "2022.08.02"]
[Round "5.1"]
[White "Gomez Barrera, Javiera Belen"]
[Black "Mwango, Lorita"]
[Result "1-0"]
[WhiteElo "2210"]
[BlackElo "1920"]
[PlyCount "57"]
[EventDate "2022.07.29"]
[EventType "team-swiss"]
[EventRounds "11"]
[EventCountry "IND"]
[SourceTitle "CBM 210"]
[Source "ChessBase"]
[SourceDate "2022.10.31"]
[SourceVersion "1"]
[SourceVersionDate "2022.10.31"]
[SourceQuality "1"]
[WhiteTeam "Chile (W)"]
[BlackTeam "Zambia (W)"]
[WhiteTeamCountry "CHI"]
[BlackTeamCountry "ZAM"]

1. e4 c6 2. d4 d5 3. e5 Bf5 4. Nc3 e6 5. g4 Bg6 6. Nge2 h6 7. h4 c5 8. f4 h5 9. f5 exf5 10. Nf4 fxg4 11. Nxg6 fxg6 12. Bg5 Ne7 13. Nb5 Qa5+ 14. c3 Qb6 15. dxc5 Qxc5 16. Qb3 Kd7 17. 0-0-0 Nbc6 18. Bg2 a6 19. Nd6 b5 20. Bxd5 Kc7 21. Bg2 Rd8 22. Nf7 Rxd1+ 23. Rxd1 Rh7 24. Qe6 Nb8 25. Qd6+ Qxd6 26. exd6+ Kc8 27. dxe7 Bxe7 28. Bxe7 Nd7 29. Be4 1-0

[Event "Online Olym Div3 C"]
[Site "Chess.com INT"]
[Date "2021.08.27"]
[Round "3.4"]
[White "Mwango, Lorita"]
[Black "Arakhamia Grant, Ketevan"]
[Result "0-1"]
[WhiteElo "1920"]
[BlackElo "2380"]
[PlyCount "90"]
[EventDate "2021.08.27"]
[EventType "team-tourn (rapid)"]
[EventRounds "9"]
[EventCountry "USA"]
[SourceTitle "CBM 204 Extra"]
[Source "ChessBase"]
[SourceDate "2021.11.30"]
[SourceVersion "1"]
[SourceVersionDate "2021.11.30"]
[SourceQuality "1"]
[WhiteTeam "Zambia"]
[BlackTeam "Scotland"]
[WhiteTeamCountry "ZAM"]
[BlackTeamCountry "SCO"]

1. d4 Nf6 2. Nf3 g6 3. c4 Bg7 4. Nc3 0-0 5. e3 d5 6. Qb3 c6 7. Be2 dxc4 8. Bxc4 b5 9. Be2 a5 10. 0-0 a4 11. Qc2 Na6 12. a3 Be6 13. Bd2 Bb3 14. Qd3 Qb6 15. Rac1 Rfd8 16. Qb1 Rac8 17. h3 Nc7 18. Ne4 Nxe4 19. Qxe4 Nd5 20. Rc5 Qb7 21. Rfc1 Nf6 22. Qh4 Bd5 23. Ne5 Ne4 24. R5c2 Nxd2 25. Rxd2 Bb3 26. Nd3 Bc4 27. Nc5 Qa7 28. Bxc4 bxc4 29. Rxc4 e5 30. Rxa4 Qb6 31. Rb4 Qc7 32. Qg3 exd4 33. Qxc7 Rxc7 34. exd4 Re7 35. f3 h5 36. Rc4 Bh6 37. Rd1 Re2 38. b4 Be3+ 39. Kh1 Ra2 40. Rc3 Bf4 41. Rcd3 h4 42. Ne4 Kg7 43. Rg1 Ra8 44. g3 Bc7 45. gxh4 Rh2# 0-1

[Event "Africa-ch (Women)"]
[Site "Lilongwe"]
[Date "2021.05.27"]
[Round "9"]
[White "Mwango, Lorita"]
[Black "Shriyan Santosh, Priyasha"]
[Result "1-0"]
[WhiteElo "1912"]
[BlackElo "1285"]
[PlyCount "127"]
[EventDate "2021.05.18"]
[EventType "swiss"]
[EventRounds "9"]
[EventCountry "MWI"]
[SourceTitle "EXT 2022"]
[Source "ChessBase"]
[SourceDate "2021.10.06"]
[SourceVersion "1"]
[SourceVersionDate "2021.10.06"]
[SourceQuality "1"]

1. d4 g6 2. Nf3 Bg7 3. e3 Nf6 4. Be2 0-0 5. 0-0 d6 6. b3 Nbd7 7. Bb2 b6 8. c4 Bb7 9. Nbd2 Re8 10. Qc2 e5 11. dxe5 dxe5 12. Rad1 Qe7 13. Nb1 e4 14. Nd4 a6 15. Qc1 h5 16. Nc3 Nf8 17. a3 N8h7 18. b4 h4 19. Nb3 h3 20. g3 Ng5 21. Nd5 Bxd5 22. Bxf6 Qxf6 23. Rxd5 Nf3+ 24. Kh1 Rad8 25. Nd2 Ng5 26. f4 exf3 27. Nxf3 Nxf3 28. Bxf3 Qe7 29. e4 c6 30. Rxd8 Rxd8 31. Rd1 Bd4 32. Qc2 Qg5 33. Qd2 Qf6 34. Qf4 Qe7 35. Qd2 Qf6 36. Bg4 Rd6 37. Qe2 Qe5 38. Bxh3 Rf6 39. Rf1 Rxf1+ 40. Bxf1 Bb2 41. a4 Ba3 42. b5 cxb5 43. cxb5 axb5 44. axb5 Bc5 45. Kg2 Kg7 46. Qf3 Qb2+ 47. Be2 Qe5 48. Bc4 f6 49. Qe2 g5 50. Kf3 Qc3+ 51. Kg4 Qe5 52. Qf3 Qd4 53. Bd5 Qg1 54. e5 Qd4+ 55. Qe4 Qd1+ 56. Kf5 Qf1+ 57. Ke6 Qf2 58. Qf5 Qxf5+ 59. Kxf5 Bd4 60. e6 Kf8 61. h4 gxh4 62. gxh4 Ke7 63. h5 Be3 64. Kg6 1-0

[Event "Africa-ch (Women)"]
[Site "Lilongwe"]
[Date "2021.05.18"]
[Round "1"]
[White "Dlamini, Temahlubi Queen"]
[Black "Mwango, Lorita"]
[Result "0-1"]
[WhiteElo "1413"]
[BlackElo "1912"]
[PlyCount "58"]
[EventDate "2021.05.18"]
[EventType "swiss"]
[EventRounds "9"]
[EventCountry "MWI"]
[SourceTitle "EXT 2022"]
[Source "ChessBase"]
[SourceDate "2021.10.06"]
[SourceVersion "1"]
[SourceVersionDate "2021.10.06"]
[SourceQuality "1"]

1. e4 c6 2. Nf3 d5 3. e5 Bg4 4. Be2 e6 5. d4 Qb6 6. a4 a6 7. c3 c5 8. a5 Qc7 9. Be3 cxd4 10. Bxd4 Nc6 11. Bb6 Qb8 12. 0-0 Bxf3 13. Bxf3 Nxe5 14. Qa4+ Nd7 15. b4 Ngf6 16. Nd2 Bd6 17. g3 0-0 18. c4 Ne5 19. c5 Bc7 20. Rfc1 Nc6 21. Nf1 Be5 22. Ra2 Bd4 23. b5 axb5 24. Qxb5 Rc8 25. a6 bxa6 26. Rxa6 Rxa6 27. Qxa6 Nd7 28. Nd2 Qa8 29. Qb5 Qa2 0-1

[Event "Online Olym Div3 C"]
[Site "Chess.com INT"]
[Date "2020.08.09"]
[Round "9.5"]
[White "Mwango, Lorita"]
[Black "Jalloul, Maya M"]
[Result "1-0"]
[WhiteElo "1912"]
[BlackElo "1861"]
[PlyCount "83"]
[EventDate "2020.08.07"]
[EventType "team-tourn (rapid)"]
[EventRounds "9"]
[EventCountry "USA"]
[SourceTitle "CBM 198"]
[Source "ChessBase"]
[SourceDate "2020.10.31"]
[SourceVersion "1"]
[SourceVersionDate "2020.10.31"]
[SourceQuality "1"]
[WhiteTeam "Zambia"]
[BlackTeam "Lebanon"]
[WhiteTeamCountry "ZAM"]
[BlackTeamCountry "LBN"]

1. d4 Nf6 2. Bf4 g6 3. Nf3 Bg7 4. e3 d6 5. Bc4 c5 6. c3 0-0 7. 0-0 d5 8. Bd3 c4 9. Bc2 Nc6 10. Nbd2 Nh5 11. Bg5 h6 12. Bh4 f5 13. Ne1 Nf6 14. h3 Qe8 15. Nef3 Ne4 16. Nxe4 fxe4 17. Nd2 Bf5 18. f3 exf3 19. Nxf3 g5 20. Bg3 Qg6 21. Bxf5 Rxf5 22. Qc2 Raf8 23. Kh2 h5 24. Rf2 h4 25. Bc7 Qh5 26. Raf1 e6 27. e4 R5f7 28. Bd6 Rd8 29. e5 g4 30. hxg4 Qxg4 31. Ng1 Qg3+ 32. Kh1 Rdd7 33. Rf3 Rxf3 34. Rxf3 Qg4 35. Qf2 Ne7 36. Rf7 h3 37. Nxh3 Rxd6 38. exd6 Nf5 39. d7 Qd1+ 40. Kh2 Kxf7 41. d8Q Bf6 42. Qd7+ 1-0

[Event "Africa-ch Blitz (Women)"]
[Site "Casablanca"]
[Date "2019.08.28"]
[Round "4.4"]
[White "Wafa, Shrook"]
[Black "Mwango, Lorita"]
[Result "1-0"]
[WhiteElo "2044"]
[BlackElo "1849"]
[PlyCount "61"]
[EventDate "2019.08.28"]
[EventType "swiss (blitz)"]
[EventRounds "9"]
[EventCountry "MAR"]
[SourceTitle "EXT 2024"]
[Source "ChessBase"]
[SourceDate "2023.10.10"]
[SourceVersion "1"]
[SourceVersionDate "2023.10.10"]
[SourceQuality "1"]

1. e4 c6 2. d4 d5 3. Nc3 dxe4 4. Nxe4 Bf5 5. Ng3 Bg6 6. Nf3 h6 7. Ne5 Bh7 8. Qh5 g6 9. Qf3 Nf6 10. Bc4 e6 11. c3 Nbd7 12. 0-0 Nxe5 13. dxe5 Nd5 14. Ne4 Bg7 15. Nd6+ Qxd6 16. exd6 0-0 17. Bxd5 exd5 18. Re1 Rad8 19. Bf4 g5 20. Bg3 f5 21. Be5 Bxe5 22. Rxe5 Rxd6 23. Rae1 Rdf6 24. h4 g4 25. Qf4 Kg7 26. h5 Bg8 27. Re7+ R8f7 28. Qc7 f4 29. Rxf7+ Bxf7 30. Qxb7 Kg8 31. Qc8+ 1-0

[Event "Africa-ch (Women)"]
[Site "Hammamet"]
[Date "2019.07.17"]
[Round "9.1"]
[White "Mwango, Lorita"]
[Black "Wafa, Shrook"]
[Result "0-1"]
[WhiteElo "1931"]
[BlackElo "2144"]
[PlyCount "130"]
[EventDate "2019.07.09"]
[EventType "swiss"]
[EventRounds "9"]
[EventCountry "TUN"]
[SourceTitle "CBM 191 Extra"]
[Source "ChessBase"]
[SourceDate "2019.09.30"]
[SourceVersion "1"]
[SourceVersionDate "2019.09.30"]
[SourceQuality "1"]

1. d4 Nf6 2. Nf3 e6 3. Bf4 Be7 4. e3 0-0 5. Be2 b6 6. 0-0 Bb7 7. h3 d6 8. Bh2 Ne4 9. c4 Nd7 10. Nc3 Nxc3 11. bxc3 f5 12. Qb3 c5 13. Rad1 Qc7 14. Rd2 Rad8 15. Rfd1 Nf6 16. Ng5 Bc8 17. Rb2 h6 18. Nf3 Ne4 19. Qc2 Bf6 20. Nd2 Bb7 21. Bd3 Nxd2 22. Qxd2 Qf7 23. f3 Qg6 24. Rf1 e5 25. Be2 Rfe8 26. d5 Bc8 27. Qc2 Bg5 28. f4 exf4 29. exf4 Bf6 30. Bd3 Re3 31. Kh1 Rde8 32. Rbb1 Bd7 33. Bg1 R3e7 34. Bf2 Qh5 35. Rbe1 Rxe1 36. Rxe1 Rxe1+ 37. Bxe1 Qe8 38. Qe2 Qxe2 39. Bxe2 Kf7 40. Kg1 g5 41. g3 Ke7 42. Bd2 g4 43. hxg4 fxg4 44. Bd3 h5 45. Be1 Kf7 46. Kg2 Bg7 47. Kf2 Kf6 48. a3 Bf5 49. Be2 Bc2 50. Ke3 Kf5 51. Bf1 Bh6 52. Bg2 h4 53. Bh1 h3 54. Bf2 Bg7 55. Be1 Bf6 56. Bd2 a6 57. Be1 Bd8 58. Bf2 b5 59. cxb5 axb5 60. Bg1 c4 61. Ke2 Be4 62. Bxe4+ Kxe4 63. Kf1 Kxd5 64. Bd4 Ke4 65. Kf2 d5 0-1

[Event "Africa-ch (Women)"]
[Site "Hammamet"]
[Date "2019.07.15"]
[Round "7.5"]
[White "Ravelomanana, Sabine"]
[Black "Mwango, Lorita"]
[Result "1/2-1/2"]
[WhiteElo "1832"]
[BlackElo "1931"]
[PlyCount "141"]
[EventDate "2019.07.09"]
[EventType "swiss"]
[EventRounds "9"]
[EventCountry "TUN"]
[SourceTitle "CBM 191 Extra"]
[Source "ChessBase"]
[SourceDate "2019.09.30"]
[SourceVersion "1"]
[SourceVersionDate "2019.09.30"]
[SourceQuality "1"]

1. d4 d5 2. Bf4 Nf6 3. e3 e6 4. Bd3 c5 5. c3 Nc6 6. Nf3 Be7 7. Nbd2 Bd7 8. Ne5 a6 9. Ndf3 Rc8 10. Rc1 h6 11. h4 Qa5 12. Bb1 Nxe5 13. Nxe5 Qb6 14. Qd2 Bc6 15. f3 Nh5 16. Ng6 Rg8 17. Nxe7 Kxe7 18. Bh2 Nf6 19. g4 Nd7 20. 0-0 Rcf8 21. c4 cxd4 22. exd4 dxc4 23. Rf2 Bd5 24. b3 Rc8 25. bxc4 Rxc4 26. Rxc4 Bxc4 27. Be4 Nf6 28. Qb2 Qxb2 29. Rxb2 b5 30. Bb7 Rd8 31. Rd2 a5 32. Kf2 Nd5 33. a3 f6 34. h5 Kd7 35. Rc2 Rg8 36. a4 Bb3 37. Bc6+ Ke7 38. Rc5 Bxa4 39. Bxb5 Bxb5 40. Rxb5 Ra8 41. Rb7+ Kf8 42. Bd6+ Kg8 43. Ke2 Rd8 44. Bc5 Ra8 45. Kd3 a4 46. Ba3 Rc8 47. Bc5 Ra8 48. Ba3 g6 49. hxg6 Nf4+ 50. Ke4 Nxg6 51. d5 exd5+ 52. Kxd5 Ra6 53. Rc7 Ne5 54. Ke4 Rc6 55. Ra7 Rc4+ 56. Kf5 Nxf3 57. Kxf6 Rxg4 58. Ra8+ Kh7 59. Ra7+ Kh8 60. Ra8+ Rg8 61. Rxa4 Rc8 62. Ra7 Rc6+ 63. Kf5 Nd4+ 64. Kg4 Nb5 65. Bb2+ Kg8 66. Rg7+ Kf8 67. Rb7 Nd6 68. Ba3 Kg8 69. Bxd6 Rxd6 70. Kh5 Rf6 71. Ra7 1/2-1/2

[Event "Africa-ch (Women)"]
[Site "Hammamet"]
[Date "2019.07.14"]
[Round "6.6"]
[White "Mwango, Lorita"]
[Black "Wafa, Shahenda"]
[Result "1-0"]
[WhiteElo "1931"]
[BlackElo "2175"]
[PlyCount "101"]
[EventDate "2019.07.09"]
[EventType "swiss"]
[EventRounds "9"]
[EventCountry "TUN"]
[SourceTitle "CBM 191 Extra"]
[Source "ChessBase"]
[SourceDate "2019.09.30"]
[SourceVersion "1"]
[SourceVersionDate "2019.09.30"]
[SourceQuality "1"]

1. d4 f5 2. Nf3 Nf6 3. e3 g6 4. g3 Bg7 5. Bg2 0-0 6. 0-0 d6 7. c3 c6 8. Qb3+ d5 9. c4 Qb6 10. Qc2 Ne4 11. cxd5 cxd5 12. Nc3 e6 13. Bd2 Nd7 14. Rac1 Qd8 15. Nb5 Nxd2 16. Qxd2 Qe7 17. Rc2 g5 18. Rfc1 g4 19. Ne1 a6 20. Qa5 b6 21. Qa4 Nf6 22. Nc7 Rb8 23. Nxa6 Qa7 24. Nc5 Qe7 25. Ncd3 Bd7 26. Qb3 Ne4 27. Rc7 Rfc8 28. Qa3 Ra8 29. Qb3 Rcb8 30. Nb4 Qe8 31. a3 Bf8 32. Nc6 Bxc6 33. R7xc6 Nd2 34. Qd1 Ne4 35. Bxe4 dxe4 36. Qb3 Kf7 37. Rc7+ Kf6 38. Rxh7 Bd6 39. Rh6+ Kf7 40. d5 Rc8 41. Rd1 Qf8 42. Rxe6 Re8 43. Rxe8 Rxe8 44. Qxb6 Qh6 45. Ng2 Rh8 46. Nh4 Qf6 47. Qb7+ Kg8 48. Qc8+ Bf8 49. Qxf5 Qxb2 50. Qxg4+ Bg7 51. Qe6+ 1-0

[Event "Africa-ch (Women)"]
[Site "Livingstone"]
[Date "2018.05.18"]
[Round "6"]
[White "Latreche, Sabrina"]
[Black "Mwango, Lorita"]
[Result "1/2-1/2"]
[WhiteElo "2043"]
[BlackElo "1923"]
[PlyCount "154"]
[EventDate "2018.05.13"]
[EventType "swiss"]
[EventRounds "9"]
[EventCountry "ZAM"]
[SourceTitle "CBM 184 Extra"]
[Source "ChessBase"]
[SourceDate "2018.06.28"]
[SourceVersion "1"]
[SourceVersionDate "2018.06.28"]
[SourceQuality "1"]

1. e4 e6 2. d3 d5 3. Nd2 Nf6 4. Ngf3 c5 5. g3 Nc6 6. Bg2 Be7 7. 0-0 0-0 8. e5 Nd7 9. Re1 Qc7 10. Qe2 b6 11. c3 Ba6 12. Nf1 h6 13. h4 Rac8 14. Bf4 Qd8 15. N1h2 Re8 16. h5 Bf8 17. Ng4 d4 18. c4 Bb7 19. Qd2 Kh7 20. Nh4 Na5 21. Bxb7 Nxb7 22. Bxh6 gxh6 23. Qf4 Re7 24. Qe4+ Kh8 25. Qxb7 Nxe5 26. Qe4 Nxg4 27. Qxg4 Bg7 28. Re2 Qd7 29. Rae1 Rce8 30. Qf3 Qb7 31. Re4 Kg8 32. Qe2 Bf6 33. Qg4+ Kh8 34. Qe2 Bg5 35. Qd1 Kh7 36. Nf3 Bf6 37. Qe2 Rg8 38. Ne5 Rg5 39. Ng4 Bh8 40. Nh2 Re8 41. Rf4 Re5 42. Qd1 Rg8 43. Rxe5 Bxe5 44. Rg4 Rf8 45. Nf3 Bg7 46. Qe2 Qc6 47. Ne5 Qd6 48. f4 Qe7 49. Nf3 Re8 50. Nh4 f5 51. Rg6 Bf6 52. Nf3 Rg8 53. Rxg8 Kxg8 54. Kf2 Qe8 55. Ne5 Bxe5 56. Qxe5 Qf7 57. a3 Kh7 58. b4 Qxh5 59. Qxe6 Qh2+ 60. Kf3 Qh1+ 61. Ke2 Qg2+ 62. Kd1 Qxg3 63. Qxf5+ Qg6 64. Qd7+ Qg7 65. Qh3 Qg1+ 66. Ke2 Qg7 67. Kf3 Qb7+ 68. Kf2 Qe7 69. bxc5 bxc5 70. Qf5+ Kg7 71. Qg4+ Kf7 72. Qh5+ Kg7 73. f5 Qe3+ 74. Kg2 Qd2+ 75. Kh1 Qc1+ 76. Kh2 Qd2+ 77. Kh1 Qc1+ 1/2-1/2

[Event "Africa-ch (Women)"]
[Site "Livingstone"]
[Date "2018.05.16"]
[Round "5"]
[White "Mwango, Lorita"]
[Black "Laubscher, Anzel"]
[Result "1-0"]
[WhiteElo "1923"]
[BlackElo "1803"]
[PlyCount "71"]
[EventDate "2018.05.13"]
[EventType "swiss"]
[EventRounds "9"]
[EventCountry "ZAM"]
[SourceTitle "CBM 184 Extra"]
[Source "ChessBase"]
[SourceDate "2018.06.28"]
[SourceVersion "1"]
[SourceVersionDate "2018.06.28"]
[SourceQuality "1"]

1. d4 e6 2. Nf3 b6 3. g3 Bb7 4. Bg2 f5 5. 0-0 Nf6 6. b3 Be7 7. Bb2 0-0 8. Nbd2 Ne4 9. e3 d6 10. Nxe4 Bxe4 11. Nd2 Bxg2 12. Kxg2 d5 13. Rc1 Nd7 14. c4 Nf6 15. Nf3 Ne4 16. Rc2 Bd6 17. Qe2 g5 18. Ne5 Bxe5 19. dxe5 g4 20. h3 h5 21. h4 a5 22. Rd1 Rf7 23. cxd5 Rd7 24. Qc4 exd5 25. Qc6 Qe8 26. Rxd5 Rxd5 27. Qxd5+ Kf8 28. Rxc7 Rd8 29. Ba3+ Nc5 30. Bxc5+ bxc5 31. Qxc5+ Kg8 32. Qxa5 Rd7 33. Rc1 Qb8 34. Rc6 Qb7 35. Qa6 Qxa6 36. Rxa6 1-0

[Event "Africa-ch (Women)"]
[Site "Livingstone"]
[Date "2018.05.14"]
[Round "2"]
[White "Mwango, Lorita"]
[Black "Caxita, Esperanca"]
[Result "1-0"]
[WhiteElo "1923"]
[BlackElo "1761"]
[PlyCount "119"]
[EventDate "2018.05.13"]
[EventType "swiss"]
[EventRounds "9"]
[EventCountry "ZAM"]
[SourceTitle "CBM 184 Extra"]
[Source "ChessBase"]
[SourceDate "2018.06.28"]
[SourceVersion "1"]
[SourceVersionDate "2018.06.28"]
[SourceQuality "1"]

1. d4 d5 2. Nf3 Nf6 3. Bf4 Nbd7 4. e3 c5 5. Be2 Qb6 6. Qc1 g6 7. 0-0 Bg7 8. c3 0-0 9. Nbd2 Nh5 10. Bg5 Re8 11. Nb3 Nhf6 12. Rd1 Ne4 13. Bh4 e6 14. Nbd2 Ndf6 15. Nxe4 Nxe4 16. Nd2 Nd6 17. Qc2 Bd7 18. Qb3 c4 19. Qc2 Nf5 20. Bg5 f6 21. Bf4 e5 22. dxe5 fxe5 23. Bg3 h5 24. Nf3 Bc6 25. Nh4 Nxh4 26. Bxh4 e4 27. Rab1 Qa5 28. Ra1 Rac8 29. Qd2 Qc5 30. g4 hxg4 31. Bxg4 Rc7 32. Kh1 Be5 33. Rg1 Rh7 34. Bg3 Kf7 35. Rg2 Qd6 36. Rf1 Reh8 37. Kg1 Ke7 38. Bxe5 Qxe5 39. f4 exf3 40. Bxf3 g5 41. Qd4 Qxd4 42. exd4 Rg7 43. Re1+ Kd6 44. Re5 Rhg8 45. Bg4 Re8 46. Rf5 Re1+ 47. Rf1 Rxf1+ 48. Kxf1 Bd7 49. Kf2 Rf7+ 50. Kg3 Rf4 51. Bxd7 Kxd7 52. Re2 Re4 53. Rf2 Ke6 54. h3 a6 55. Rh2 Kf5 56. Rf2+ Rf4 57. Rxf4+ gxf4+ 58. Kf3 b5 59. h4 a5 60. a3 1-0

[Event "Matola zt 4.3 (Women)"]
[Site "Matola"]
[Date "2018.04.14"]
[Round "9.3"]
[White "Mwango, Lorita"]
[Black "Selkirk, Rebecca"]
[Result "1/2-1/2"]
[WhiteElo "1965"]
[BlackElo "1771"]
[PlyCount "60"]
[EventDate "2018.04.08"]
[EventType "swiss"]
[EventRounds "9"]
[EventCountry "MOZ"]
[SourceTitle "EXT 2024"]
[Source "ChessBase"]
[SourceDate "2023.10.10"]
[SourceVersion "1"]
[SourceVersionDate "2023.10.10"]
[SourceQuality "1"]

1. d4 Nf6 2. Nf3 d5 3. e3 e6 4. c4 c6 5. Nc3 Nbd7 6. Bd2 Bd6 7. Rc1 0-0 8. Be2 dxc4 9. Bxc4 b5 10. Be2 Bb7 11. Qc2 Rc8 12. Ne4 Nxe4 13. Qxe4 Qb6 14. Qd3 b4 15. 0-0 c5 16. Ng5 Nf6 17. dxc5 Bxc5 18. Qb5 Qxb5 19. Bxb5 h6 20. Nf3 Ne4 21. Be1 Rfd8 22. Ra1 a6 23. Be2 Be7 24. Rb1 a5 25. Nd4 a4 26. f3 Nf6 27. Bb5 g6 28. Bxa4 e5 29. Nc2 Ba6 30. Rf2 e4 1/2-1/2

[Event "Matola zt 4.3 (Women)"]
[Site "Matola"]
[Date "2018.04.10"]
[Round "5.1"]
[White "Mwango, Lorita"]
[Black "Caxita, Esperanca"]
[Result "1-0"]
[WhiteElo "1965"]
[BlackElo "1725"]
[PlyCount "43"]
[EventDate "2018.04.08"]
[EventType "swiss"]
[EventRounds "9"]
[EventCountry "MOZ"]
[SourceTitle "EXT 2024"]
[Source "ChessBase"]
[SourceDate "2023.10.10"]
[SourceVersion "1"]
[SourceVersionDate "2023.10.10"]
[SourceQuality "1"]

1. d4 d5 2. Nf3 Nf6 3. Bf4 c6 4. e3 Nbd7 5. Be2 e6 6. 0-0 Nh5 7. Bg3 Nxg3 8. hxg3 Nf6 9. c4 Bd6 10. Nc3 a6 11. Qc2 Bb4 12. Rac1 Bd7 13. Qb3 Bxc3 14. Rxc3 Rb8 15. Qa3 Qe7 16. c5 Ne4 17. Rb3 0-0 18. Rb6 f5 19. Qb4 Rfc8 20. Bxa6 Nf6 21. Ne5 Ne8 22. Bxb7 1-0